Freestylers por Imagen - Estadísticas

Estadísticas generales
  • Esta prueba ha sido intentada 258 veces
  • La puntuación promedio es 18 de 20
Estadísticas de respuestas
Imagen Respuesta % Correcto
Aczino
100%
Chuty
98%
Trueno
98%
Papo
97%
Wos
97%
Skone
93%
Bnet
92%
Gazir
92%
Arkano
90%
Lit Killah
90%
Valles T
90%
Dtoke
88%
Cacha
87%
Teorema
87%
Mecha
84%
Klan
82%
Nitro
78%
Kaiser
76%
MKS
75%
Rapder
75%
No se encontraron pruebas coincidentes
Distribución de puntuación
Porcentaje de gente con cada puntuación
Porcentaje por número respondido
Historial de tus puntuaciones
No has intentado esta prueba.